000 00763cam a2200265 4500
999 _c9851
_d9851
001 9851
003 BD-JhCC
005 20200331134008.0
008 180402s1972 nyu 001 0 eng
035 _a(BD-JhCC)9851
040 _aDLC
_cDLC
_dDLC
_dBD-JhCC
041 _aeng
050 0 0 _aPE1408
_b.W77
082 0 0 _a808
_bWRI 1972
245 0 0 _aWrite better, speak better /
_cReader's Digest Association
260 _aPleasantville, N.Y. :
_bReader's Digest Association,
_c1972.
300 _a730 p.
_c24 cm.
500 _aAt head of title: Reader's digest.
650 0 _aEnglish language
_xRhetoric.
650 0 _aEnglish language
_xUsage.
650 0 _aPublic speaking.
710 _a Reader's Digest Association
942 _2ddc
_cBK
_02